000 00682nam a2200205Ia 4500
005 20260121110332.0
008 008 260114s9999 xx 000 0 hin d
020 _a9788132365426
037 _aEBOOK
040 _aCRL
_bhin
_cCRL
041 _ahin
_2hin
084 _qCRL
100 _aतमन्ना धवन / Tamanna Dhawan
_9944913
245 0 _aजनसंचार के विस्‍तृत माध्‍यम / Jansanchar ke Vistaarit Madhyam
260 _bभाषा प्रकाशन / Bhasha Prakashan
_c2021
856 _uhttps://bhashaprakashan.com/product-details/379194
942 _cEBOOK
999 _c1536577
_d1536577